El genoma humano : de la herencia biológica a la herencia social /
Guardado en:
| Hovedforfatter: | |
|---|---|
| Format: | Ukendt |
| Sprog: | Spanish |
| Fag: | |
| Tags: |
Tilføj Tag
Ingen Tags, Vær først til at tagge denne postø!
|
MARC
| LEADER | 000000000a22000000004500 | ||
|---|---|---|---|
| 001 | 007330 | ||
| 041 | 0 | |a spa | |
| 100 | 1 | |a Jaramillo Antillón, Juan, |d 1935- | |
| 245 | 1 | 3 | |a El genoma humano : |b de la herencia biológica a la herencia social / |c Juan Jaramillo Antillón. |
| 650 | 4 | |a GENOMA HUMANO | |
| 650 | 4 | |a BIOTECNOLOGÍA | |
| 650 | 4 | |a GENÉTICA HUMANA | |
| 773 | 0 | |x 1013-9060 |d San José, Costa Rica : Editorial de la Universidad Nacional Estatal a Distancia |t Revista Nacional de Cultura |g número 39 (2000), páginas 63-79 | |
| 942 | |c ARC | ||
| 999 | |c 13439 |d 13439 | ||
